000 00720cam a2200265 4500500
005 20260329003851.0
041 _afre
042 _adc
100 1 0 _ade Oliveira, Victorine
_eauthor
245 0 0 _aLa galaxie Platon
260 _c2017.
500 _a95
690 _aApologie de Socrate
690 _aMarsile Ficin
690 _aNietzsche
690 _aParménide
690 _aPatocka
690 _aPhédon
690 _aPlotin
690 _aProtagoras
690 _aPythagore
690 _aSocrate
786 0 _nPhilosophie magazine | 110 | 6 | 2017-06-01 | p. 34-34 | 1951-1787
856 4 1 _uhttps://shs.cairn.info/magazine-philosophie-magazine-2017-6-page-34?lang=fr&redirect-ssocas=7080
999 _c1828512
_d1828512